[Event "GER-ch U14"]
[Site "Willingen"]
[Date "2023.05.31"]
[Round "5"]
[White "Limmer, Marco"]
[Black "Noennig, Jakob1111"]
[Result "1/2-1/2"]
[WhiteElo "1774"]
[BlackElo "1736"]
[PlyCount "128"]
[EventDate "2023.05.27"]
[EventType "swiss"]
[EventRounds "9"]
[EventCountry "GER"]
[SourceTitle "CBM 214 Extra"]
[Source "ChessBase"]
[SourceDate "2023.07.31"]
[SourceVersion "1"]
[SourceVersionDate "2023.07.31"]
[SourceQuality "1"]

1. Nf3 d5 2. g3 Nc6 3. Bg2 e5 4. d3 Nf6 5. Nbd2 Be6 6. 0-0 Qd7 7. Re1 0-0-0 8. c3 d4 9. c4 Ne8 10. a3 f6 11. b4 Nb8 12. Qc2 g5 13. h4 gxh4 14. Nxh4 f5 15. Ndf3 Qg7 16. e3 dxe3 17. Bxe3 f4 18. Bd4 exd4 19. Rxe6 fxg3 20. Bh3 Nd7 21. Qa4 Kb8 22. Nf5 gxf2+ 23. Kxf2 Qf7 24. Ng5 Qh5 25. Rg1 h6 26. Nf3 Nb6 27. Qb5 Ng7 28. Bg4 Qf7 29. Rxh6 Rxh6 30. Nxh6 Qf4 31. Qg5 Qxg5 32. Nxg5 Be7 33. Ngf7 Rf8 34. Ke2 Ne8 35. Ne5 Nf6 36. Ng6 Re8 37. Nxe7 Rxe7+ 38. Kd2 Nxg4 39. Rxg4 Rd7 40. Nf5 c5 41. bxc5 Na4 42. Rxd4 Rxd4 43. Nxd4 Nxc5 44. Kc3 a6 45. Nb3 Nd7 46. d4 Kc7 47. d5 b6 48. Kd4 Kd6 49. Nd2 Kc7 50. Ne4 Kc8 51. d6 Nb8 52. Kd5 Kd7 53. Nf6+ Kc8 54. Ke6 Kd8 55. d7 Nc6 56. Nd5 Nd4+ 57. Kd6 b5 58. c5 Nf5+ 59. Ke5 Kxd7 60. Kxf5 Kc6 61. Nb4+ Kxc5 62. Nxa6+ Kc4 63. Nc7 Kb3 64. Nxb5 Ka4 1/2-1/2

[Event "GER-chT U12"]
[Site "Muenchen"]
[Date "2022.12.29"]
[Round "5"]
[White "Limmer, Marco"]
[Black "Mueller, Anker"]
[Result "1/2-1/2"]
[WhiteElo "1843"]
[BlackElo "1509"]
[PlyCount "83"]
[EventDate "2022.12.26"]
[EventType "team-swiss"]
[EventRounds "7"]
[EventCountry "GER"]
[SourceTitle "CBM 212 Extra"]
[Source "ChessBase"]
[SourceDate "2023.03.31"]
[SourceVersion "1"]
[SourceVersionDate "2023.03.31"]
[SourceQuality "1"]
[WhiteTeam "Tegernsee"]
[BlackTeam "Berlin Empor"]
[WhiteTeamCountry "GER"]
[BlackTeamCountry "GER"]

1. e4 c6 2. d4 d5 3. Nc3 dxe4 4. Nxe4 Nf6 5. Nxf6+ exf6 6. Nf3 Bd6 7. Bd3 0-0 8. 0-0 Nd7 9. c4 a6 10. Qc2 h6 11. Qd1 c5 12. Nh4 cxd4 13. Nf5 Ne5 14. f4 Nxd3 15. Qxd3 Bxf5 16. Qxf5 Rc8 17. Qd3 Qc7 18. b3 Bb4 19. Bb2 Rfe8 20. Kh1 Rcd8 21. Rf3 Bc5 22. Rd1 Qa5 23. a3 Re1+ 24. Rxe1 Qxe1+ 25. Rf1 Qe3 26. Rf3 Qxd3 27. Rxd3 a5 28. b4 axb4 29. axb4 Bxb4 30. Rxd4 Rxd4 31. Bxd4 Kf8 32. Kg1 Ke7 33. Kf2 Kd6 34. Kf3 Bc5 35. Bc3 Ba3 36. Bd4 Bc5 37. Bc3 Ke6 38. g4 g6 39. Ke4 f5+ 40. gxf5+ gxf5+ 41. Kf3 Kd6 42. h3 1/2-1/2

[Event "GER-chT U12"]
[Site "Muenchen"]
[Date "2022.12.27"]
[Round "2"]
[White "Neumeier, Valentina"]
[Black "Limmer, Marco"]
[Result "0-1"]
[WhiteElo "1464"]
[BlackElo "1843"]
[PlyCount "86"]
[EventDate "2022.12.26"]
[EventType "team-swiss"]
[EventRounds "7"]
[EventCountry "GER"]
[SourceTitle "CBM 212 Extra"]
[Source "ChessBase"]
[SourceDate "2023.03.31"]
[SourceVersion "1"]
[SourceVersionDate "2023.03.31"]
[SourceQuality "1"]
[WhiteTeam "Kelheim"]
[BlackTeam "Tegernsee"]
[WhiteTeamCountry "GER"]
[BlackTeamCountry "GER"]

1. e4 e6 2. d4 d5 3. exd5 exd5 4. Nf3 Bd6 5. Bd3 Ne7 6. 0-0 h6 7. Be3 Nbc6 8. c3 Bf5 9. Be2 Qd7 10. Nbd2 0-0 11. b3 Ba3 12. c4 Bb2 13. Rb1 Bxb1 14. Qxb1 Bc3 15. cxd5 Nxd5 16. Nc4 Bb4 17. Nfe5 Nxe5 18. Nxe5 Qe7 19. Bc4 c6 20. Qf5 Bd6 21. Ng4 Qe6 22. Qh5 f5 23. Nxh6+ gxh6 24. Bxh6 Rf6 25. Bg5 Qf7 26. Qh3 Rg6 27. f4 Re8 28. Bd3 Rf8 29. Bh6 Qh7 30. Bxf5 Rxf5 31. Qxf5 Rxg2+ 32. Kxg2 Qxf5 33. Rf3 Bxf4 34. Bxf4 Nxf4+ 35. Kf2 Qc2+ 36. Kg3 Ne2+ 37. Kh4 Qe4+ 38. Kh5 Qxf3+ 39. Kh4 Qg2 40. Kh5 Nxd4 41. b4 Kg7 42. a3 Nf5 43. a4 Qg6# 0-1

[Event "Bayern Jubilar U12"]
[Site "Bayreuth"]
[Date "2022.08.30"]
[Round "5"]
[White "Allen, Phillipp"]
[Black "Limmer, Marco"]
[Result "0-1"]
[WhiteElo "1421"]
[BlackElo "1704"]
[PlyCount "21"]
[EventDate "2022.08.27"]
[EventType "swiss"]
[EventRounds "7"]
[EventCountry "GER"]
[SourceTitle "EXT 2023"]
[Source "ChessBase"]
[SourceDate "2022.10.05"]
[SourceVersion "1"]
[SourceVersionDate "2022.10.05"]
[SourceQuality "1"]

1. e4 e6 2. d4 d5 3. e5 c5 4. c3 Nc6 5. Nf3 Qb6 6. a3 Bd7 7. b4 cxd4 8. cxd4 Rc8 9. Bb2 f6 10. Nc3 fxe5 11. dxe5 0-1

[Event "DSOL 06 Liga Gr-A 1st"]
[Site "Playchess.com INT"]
[Date "2020.07.29"]
[Round "6.4"]
[White "Limmer, Marco"]
[Black "Terekhin, Maria"]
[Result "1-0"]
[WhiteElo "1164"]
[BlackElo "1173"]
[PlyCount "99"]
[EventDate "2020.06.22"]
[EventType "team-tourn (rapid)"]
[EventCountry "GER"]
[SourceTitle "EXT 2021"]
[Source "ChessBase"]
[SourceDate "2020.10.23"]
[SourceVersion "1"]
[SourceVersionDate "2020.10.23"]
[SourceQuality "1"]
[WhiteTeam "Tegernsee II"]
[BlackTeam "Weisse Dame II"]
[WhiteTeamCountry "GER"]
[BlackTeamCountry "GER"]

1. e4 e5 2. Nf3 Nc6 3. Bc4 Nf6 4. Ng5 d5 5. exd5 b5 6. Bxb5 Qxd5 7. Bxc6+ Qxc6 8. 0-0 Bb7 9. Qf3 e4 10. Qg3 Bd6 11. Qc3 Qd5 12. Nh3 e3 13. f3 Ng4 14. Qxg7 Be5 15. Qxg4 exd2 16. Nxd2 Bd4+ 17. Kh1 h5 18. Qe4+ Qxe4 19. Nxe4 0-0-0 20. c3 Be5 21. Bg5 Rdg8 22. Bf6 Bxf6 23. Nxf6 Rg7 24. Rad1 Rg6 25. Nd7 Bc6 26. Ne5 Rf6 27. Nxc6 Rxc6 28. Rd5 Rg8 29. Rfd1 Kb7 30. Rd7 Rd6 31. R1xd6 Re8 32. Rd1 h4 33. Rd8 Rxd8 34. Rxd8 f5 35. Rh8 c6 36. Rxh4 Kb6 37. a4 a6 38. b4 c5 39. a5+ Kb5 40. bxc5 Kxc5 41. Rd4 Kb5 42. g4 fxg4 43. fxg4 Kxa5 44. g5 Kb5 45. g6 a5 46. g7 a4 47. g8Q a3 48. Qc4+ Kb6 49. Rd6+ Ka5 50. Ra6# 1-0